Can You Name every Wooden Roller Coaster in Europe? - Statistics

General Stats
  • This quiz has been taken 155 times
  • The average score is 12 of 37
Answer Stats
Hint Answer % Correct
2012 Wodan
81%
2018 Wicker Man
67%
2001 Colossus
65%
2007 Troy
65%
2003 Balder
55%
2016 Wildfire
49%
1999 Bandit
47%
2017 Heidi The Ride
45%
2010 Joris En De Draak
45%
2001 Loup Garou
43%
2009 El Toro
42%
2008 Mammut
41%
1997 Stampida
41%
1935 Grand National
39%
1923 Big Dipper
38%
1997 Tonnerre 2 Zeus
34%
1933 Nickelodeon Streak
33%
1997 Tomahawk
32%
1996 Megafobia
30%
1914 Rutschebanen
30%
1932 Rutschebanen
30%
2016 Timber
29%
1989 Anaconda
27%
2002 Coaster Express
27%
1932 Roller Coaster
24%
1934 Blue Flyer
23%
2019 Werewolf
21%
2004 Falken
18%
1920 Scenic Railway
18%
2018 Wood Express
18%
2011 Twister
15%
2006 Thunderbird
14%
1995 Antelope
11%
1950 Hochschaubahn
6%
2015 Cu Chuliann
2%
1950 Tyrolean Tubtwist
2%
1948 Auto BergBhan
1%
No matching quizzes found
Score Distribution
Percent of People with Each Score
Percentile by Number Answered
Your Score History
You have not taken this quiz